|
|
|
|
| LEADER |
00000cas a2200000 a 4500 |
| 001 |
vtls001299609 |
| 003 |
SK-MaSNL |
| 005 |
20260221123926.0 |
| 008 |
180126d18971913hu ar 0 0 0hun d |
| 035 |
|
|
|a SNK000251587
|
| 040 |
|
|
|a SNK
|b slo
|c SNK
|e AACR2
|
| 041 |
0 |
|
|a hun
|
| 044 |
|
|
|a hu
|c HU
|
| 245 |
0 |
0 |
|a Trattner-Féle megbövitett közhasznu nemzeti vagy hazai kalendáriom ...
|
| 260 |
|
|
|a Budapest
|b Rózsa Kálmán és Neje
|c [1897-1913]
|
| 362 |
0 |
|
|a Év. 84 (1898)-év. 100 (1914)
|
| 500 |
|
|
|a Chýbajú kalendáre za r. 1899-1906, 1910, 1913, 1915
|
| 910 |
|
|
|a snk
|
| 999 |
|
|
|c 11232
|d 13162
|
| 952 |
|
|
|0 0
|1 0
|4 0
|7 0
|8 5
|a SNK
|b SNK
|d 1998-03-03
|i snkF 1032/97
|l 0
|o snkČSB 2538/84/1898
|p 17A0088253
|r 2005-01-02 00:00:00
|w 2026-02-21
|y PREZ
|
| 952 |
|
|
|0 0
|1 0
|4 0
|7 0
|8 5
|a SNK
|b SNK
|d 1997-08-19
|i snkF 1034/97
|l 0
|o snkČSB 2538/93/1907
|p 17A0088255
|r 2005-01-02 00:00:00
|w 2026-02-21
|y PREZ
|
| 952 |
|
|
|0 0
|1 0
|4 0
|7 0
|8 5
|a SNK
|b SNK
|d 1998-03-03
|i snkF 703/98
|l 0
|o snkČSB 2538/94/1908
|p 17A0125709
|r 2005-01-02 00:00:00
|w 2026-02-21
|y PREZ
|
| 952 |
|
|
|0 0
|1 0
|4 0
|7 0
|8 5
|a SNK
|b SNK
|d 1998-03-03
|i snkF 704/98
|l 0
|o snkČSB 2538/94/1908 D1
|p 17A0125708
|r 2005-01-02 00:00:00
|w 2026-02-21
|y PREZ
|
| 952 |
|
|
|0 0
|1 0
|4 0
|7 0
|8 5
|a SNK
|b SNK
|d 1998-03-03
|i snkF 705/98
|l 0
|o snkČSB 2538/95/1909
|p 17A0125707
|r 2005-01-02 00:00:00
|w 2026-02-21
|y PREZ
|
| 952 |
|
|
|0 0
|1 0
|4 0
|7 0
|8 5
|a SNK
|b SNK
|d 1998-03-03
|i snkF 1033/97
|l 0
|o snkČSB 2538/97/1911
|p 17A0088254
|r 2005-01-02 00:00:00
|w 2026-02-21
|y PREZ
|
| 952 |
|
|
|0 0
|1 0
|4 0
|7 0
|8 5
|a SNK
|b SNK
|d 1998-03-03
|i snkF 1035/97
|l 0
|o snkČSB 2538/98/1912
|p 17A0088256
|r 2005-01-02 00:00:00
|w 2026-02-21
|y PREZ
|
| 952 |
|
|
|0 0
|1 0
|4 0
|7 0
|8 5
|a SNK
|b SNK
|d 1998-03-03
|i snkF 1036/97
|l 0
|o snkČSB 2538/98/1912 D1
|p 17A0088257
|r 2005-01-02 00:00:00
|w 2026-02-21
|y PREZ
|
| 952 |
|
|
|0 0
|1 0
|4 0
|7 0
|a SNK
|b SNK
|d 2007-09-24
|i snkČIP 174/62
|l 0
|o snkČSB 2538/4/1951
|p 17A0560252
|r 2026-02-21 21:22:19
|t č. 1-12
|w 2026-02-21
|y PREZ
|
| 952 |
|
|
|0 0
|1 0
|4 0
|7 0
|8 5
|a SNK
|b SNK
|d 1998-03-03
|i snkF 706/98
|l 0
|o snkČSB 2538/100/1914
|p 17A0125706
|r 2005-01-02 00:00:00
|w 2026-02-21
|y PREZ
|